Loading...
| Fine Arts - Classical Music | 2 | 10.00 | 100% | 0% | 0% |
| Fine Arts - Other Fine Arts | 5 | 12.00 | 100% | 20% | 0% |
| Fine Arts - Visual Fine Arts | 7 | 12.86 | 86% | 29% | 14% |
| Geography/Current Events | 2 | 10.00 | 50% | 50% | 0% |
| History - American History | 5 | 8.00 | 60% | 20% | 0% |
| History - European History | 7 | 17.14 | 100% | 71% | 0% |
| History - Other History | 6 | 15.00 | 67% | 50% | 33% |
| History - World History | 7 | 15.71 | 100% | 29% | 29% |
| Literature - American Literature | 8 | 11.25 | 100% | 13% | 0% |
| Literature - British Literature | 7 | 12.86 | 71% | 43% | 14% |
| Literature - European Literature | 6 | 10.00 | 100% | 0% | 0% |
| Literature - World/Other Literature | 3 | 13.33 | 100% | 33% | 0% |
| Mythology | 8 | 22.50 | 100% | 75% | 50% |
| Other Academic | 2 | 20.00 | 100% | 100% | 0% |
| Philosophy | 6 | 11.67 | 100% | 0% | 17% |
| Pop Culture | 1 | 30.00 | 100% | 100% | 100% |
| Religion | 5 | 14.00 | 100% | 40% | 0% |
| Science - Biology | 3 | 13.33 | 67% | 67% | 0% |
| Science - Other Science | 3 | 16.67 | 100% | 67% | 0% |
| Science - Physics | 6 | 15.00 | 100% | 50% | 0% |
| Social Science | 7 | 14.29 | 100% | 43% | 0% |
| World/Other Literature> | 1 | 10.00 | 100% | 0% | 0% |